[Event "PSV Duisburg 1 - SVG Plettenberg 1"]
[Site "Oberliga NRW 2014/2015"]
[Date "2014.12.14"]
[Round "4.5"]
[White "Bouaraba, Max"]
[Black "Maslak, Sulejman"]
[Result "0-1"]
[WhiteElo "2192"]
[BlackElo "2273"]
[PlyCount "118"]
[EventDate "2014.??.??"]
[WhiteTeam "SVG Plettenberg 1"]
[BlackTeam "PSV Duisburg 1"]

1. d4 d5 2. Bf4 e6 3. Nf3 Nf6 4. e3 c5 5. Nc3 c4 6. a3 b5 7. Be2 a6 8. O-O Nc6
9. Ne5 Bb7 10. Bg3 Nxe5 11. dxe5 Nd7 12. Bf3 Bc5 13. e4 d4 14. Ne2 Nb8 15. Qd2
g5 16. Rad1 h5 17. h3 Nc6 18. Bh2 g4 19. hxg4 hxg4 20. Bxg4 Qh4 21. Bh3 Qxe4
22. Ng3 Qh4 23. Rfe1 Ne7 24. Nf1 O-O-O 25. Bg3 Qh7 26. Qe2 Rdg8 27. Qd2 Nf5 28.
Qf4 Rg7 29. b3 Bd5 30. bxc4 bxc4 31. Ne3 Nxg3 32. fxg3 Bc6 33. Rxd4 Bxd4 34.
Qxd4 Qe4 35. Qxc4 Rxg3 36. Qxe4 Bxe4 37. Kf2 Rhg8 38. Rb1 R3g5 39. Rb6 Bb7 40.
Nc4 Kc7 41. Ke3 Bd5 42. Rb4 Bxg2 43. Bxg2 Rxg2 44. Kd3 R8g5 45. Ne3 Rh2 46. Rf4
Rxe5 47. Rxf7+ Kc6 48. Rf3 Rh4 49. c3 Kc5 50. Kc2 a5 51. Kd3 Kb5 52. c4+ Kc5
53. Rg3 Rd4+ 54. Kc3 Rde4 55. Nd1 Rxc4+ 56. Kb3 a4+ 57. Kb2 Re2+ 58. Kb1 Re1
59. Rd3 Rd4 0-1

[Event "PSV Duisburg 1 - SVG Plettenberg 1"]
[Site "Oberliga NRW 2014/2015"]
[Date "2014.12.14"]
[Round "4.6"]
[White "Heisel, Guido"]
[Black "Schulze, Marc"]
[Result "1-0"]
[WhiteElo "2091"]
[BlackElo "2094"]
[Annotator "Hausrath,Daniel"]
[PlyCount "87"]
[EventDate "2014.??.??"]
[WhiteTeam "PSV Duisburg 1"]
[BlackTeam "SVG Plettenberg 1"]

1. d4 Nf6 2. Bg5 c6 3. Nf3 Qb6 4. Nbd2 d5 5. Qc1 Ne4 6. Bf4 Bf5 7. e3 e6 8.
Nxe4 Bxe4 9. Nd2 Bg6 10. Be2 c5 11. O-O cxd4 12. exd4 Nc6 13. c3 Rc8 14. Nf3
Be7 15. Qd2 O-O 16. Ne5 Nxe5 17. dxe5 Rfd8 18. Rac1 a5 19. Be3 Bc5 20. Bd4 Bxd4
21. cxd4 $11 Qb4 22. Rc3 Rxc3 23. bxc3 Qa3 24. h4 h6 25. h5 Bh7 26. Rc1 Rc8 27.
Bb5 Rc7 28. g4 Qe7 29. Kg2 f5 30. exf6 Qxf6 31. Qe3 Rf7 32. f3 Qf4 33. Qxf4
Rxf4 34. Kg3 Rf7 35. a4 Rc7 36. Kf4 Kf7 37. Ke5 Ke7 38. c4 Bg8 39. c5 Bh7 40.
f4 Rc8 41. Rc3 Be4 42. Be2 Rc7 43. Bd1 Bg2 44. Rb3 1-0

[Event "PSV Duisburg 1 - SVG Plettenberg 1"]
[Site "Oberliga NRW 2014/2015"]
[Date "2014.12.14"]
[Round "4.7"]
[White "Kuhnen, Thomas"]
[Black "Kleff, Andre"]
[Result "1-0"]
[WhiteElo "2056"]
[BlackElo "2108"]
[PlyCount "115"]
[EventDate "2014.??.??"]
[WhiteTeam "SVG Plettenberg 1"]
[BlackTeam "PSV Duisburg 1"]

1. e4 g6 2. Nc3 Bg7 3. Bc4 c6 4. d3 e6 5. f4 d5 6. Bb3 Ne7 7. Nf3 b5 8. O-O a5
9. a4 b4 10. Ne2 Nd7 11. e5 Qb6+ 12. Kh1 h5 13. Qe1 Ba6 14. Ned4 Bf8 15. Bd2 c5
16. Nb5 Bxb5 17. axb5 Qxb5 18. Ba4 Qb7 19. c3 Nf5 20. Nh4 Nxh4 21. Qxh4 Be7 22.
Qh3 Kd8 23. Qf3 h4 24. Rfc1 Ra7 25. Be1 Nb6 26. Bb5 Nc8 27. c4 Kc7 28. cxd5
Qxd5 29. Qh3 Rd8 30. Bc4 Qd7 31. Bf2 Kb8 32. d4 cxd4 33. Qd3 Bc5 34. Ba6 Bb6
35. Bxh4 Rh8 36. Bf6 Rg8 37. Bb5 Qb7 38. Bc6 Qa6 39. Bb5 Qb7 40. b3 Bd8 41. Bc6
Qb6 42. Bf3 Bxf6 43. Rc6 Bd8 44. Rac1 Rc7 45. Rxb6+ Nxb6 46. Rxc7 Bxc7 47. Bc6
Kc8 48. Qa6+ Kd8 49. Qxa5 d3 50. Qxb4 g5 51. fxg5 Nd5 52. Bxd5 exd5 53. Qd4 Ke7
54. Qc5+ Ke6 55. Qxc7 d2 56. Qd6+ Kf5 57. Qxd5 Ra8 58. g4+ 1-0

[Event "PSV Duisburg 1 - SVG Plettenberg 1"]
[Site "Oberliga NRW 2014/2015"]
[Date "2014.12.14"]
[Round "4.8"]
[White "Sponheim, Marko"]
[Black "Richardt, Mike"]
[Result "0-1"]
[WhiteElo "1988"]
[BlackElo "1955"]
[PlyCount "56"]
[EventDate "2014.??.??"]
[WhiteTeam "PSV Duisburg 1"]
[BlackTeam "SVG Plettenberg 1"]

1. e4 c5 2. Nf3 Nc6 3. d4 cxd4 4. Nxd4 Nf6 5. Nc3 e5 6. Ndb5 d6 7. Nd5 Nxd5 8.
exd5 Ne7 9. c3 Ng6 10. a4 Be7 11. Be2 O-O 12. O-O f5 13. f3 a6 14. Na3 f4 15.
g4 fxg3 16. hxg3 Nf4 17. gxf4 exf4 18. Qd4 Qe8 19. Bxf4 Qg6+ 20. Kh1 Qh5+ 21.
Bh2 Bf6 22. Qd2 Bf5 23. Rf2 Bh4 24. Rg2 Bh3 25. Rgg1 Rae8 26. Nc2 Bf2 27. Rg4
Bxg4 28. fxg4 Rxe2 0-1

[Event "SF Lieme 1 - SG Porz 2"]
[Site "Oberliga NRW 2014/2015"]
[Date "2014.12.14"]
[Round "4.1"]
[White "Miedema, David"]
[Black "Wittke, Rene"]
[Result "0-1"]
[WhiteElo "2362"]
[BlackElo "2169"]
[Annotator "Hausrath,Daniel"]
[PlyCount "89"]
[EventDate "2014.??.??"]
[WhiteTeam "SG Porz 2"]
[BlackTeam "SF Lieme 1"]

1. d4 Nf6 2. c4 Nc6 3. Nf3 e6 4. Nc3 Bb4 5. Qc2 d6 6. a3 Bxc3+ 7. Qxc3 h6 8. b4
O-O 9. Bb2 d5 10. e3 Ne4 11. Qc2 Ne7 12. Bd3 f5 13. Ne5 Bd7 14. O-O Be8 15. f3
Nd6 16. e4 c6 17. exd5 exd5 18. c5 Nf7 19. Rae1 Bd7 20. Bc1 Nxe5 21. Rxe5 Ng6
22. Bxf5 Nxe5 23. Bh7+ Kh8 24. dxe5 Qc8 25. Bd3 Bf5 26. f4 h5 27. h3 h4 $11 28.
Bd2 Bxd3 29. Qxd3 Qf5 30. Qf3 Rae8 31. Qf2 g5 32. Qe1 Kg8 33. Rf3 Qe4 34. Qf2
Rf7 35. g4 gxf4 36. Rxf4 Rxf4 37. Qxf4 Qxe5 38. Qg5+ Qxg5 39. Bxg5 d4 40. Bxh4
d3 41. Bg5 Re5 42. Bf4 Re4 43. Bg5 Kf7 44. Kf2 Re2+ 45. Kf3 0-1

[Event "SF Lieme 1 - SG Porz 2"]
[Site "Oberliga NRW 2014/2015"]
[Date "2014.12.14"]
[Round "4.2"]
[White "Schmitz, Philipp"]
[Black "Korotkjevich, Stanislav"]
[Result "0-1"]
[WhiteElo "2164"]
[BlackElo "2374"]
[PlyCount "90"]
[EventDate "2014.??.??"]
[WhiteTeam "SF Lieme 1"]
[BlackTeam "SG Porz 2"]

1. e4 g6 2. d4 Bg7 3. Nc3 c6 4. Be3 d5 5. f3 dxe4 6. fxe4 Nf6 7. Be2 O-O 8. Qd2
e5 9. d5 cxd5 10. exd5 Ng4 11. Bxg4 Qh4+ 12. Qf2 Qxf2+ 13. Bxf2 Bxg4 14. h3 Bf5
15. O-O-O Na6 16. g4 Bd7 17. Nge2 b5 18. Ne4 f5 19. gxf5 gxf5 20. Ng5 Bh6 21.
Rhg1 Rf6 22. Kb1 Rg6 23. Nf3 Re8 24. Bxa7 f4 25. h4 e4 26. Ng5 Bxg5 27. hxg5 f3
28. Nf4 e3 29. Rg3 Bf5 30. Nxg6 hxg6 31. Rh1 Nb4 32. Rxf3 Bxc2+ 33. Kc1 Be4 34.
Rxe3 Rc8+ 35. Kd2 Bxh1 36. Rb3 Nxd5 37. Rxb5 Kf7 38. a4 Ra8 39. Rb7+ Ne7 40.
Rc7 Ke6 41. Bc5 Nc6 42. b4 Rxa4 43. Rh7 Bd5 44. b5 Na5 45. Ra7 Nb3+ 0-1

[Event "SF Lieme 1 - SG Porz 2"]
[Site "Oberliga NRW 2014/2015"]
[Date "2014.12.14"]
[Round "4.3"]
[White "Malykin, Vitaly"]
[Black "Essing, Arnold"]
[Result "1/2-1/2"]
[WhiteElo "2370"]
[BlackElo "2162"]
[PlyCount "75"]
[EventDate "2014.??.??"]
[WhiteTeam "SG Porz 2"]
[BlackTeam "SF Lieme 1"]

1. Nf3 d5 2. d4 e6 3. c4 Nf6 4. Nc3 Nbd7 5. Bg5 Bb4 6. g3 h6 7. Bxf6 Qxf6 8.
Bg2 O-O 9. O-O c6 10. Qb3 Bxc3 11. bxc3 dxc4 12. Qxc4 e5 13. Qb4 Re8 14. a4
exd4 15. cxd4 Rxe2 16. Rfe1 Rxe1+ 17. Rxe1 Qd8 18. Qd6 Qf8 19. Re7 Nf6 20. Ne5
Be6 21. Rxe6 fxe6 22. Qxe6+ Kh7 23. Bf1 Qe8 24. Bd3+ Kh8 25. Qb3 Nd5 26. Qxb7
Rb8 27. Qxa7 Ra8 28. Qc5 Rxa4 29. Bg6 Qa8 30. Bf7 Ra2 31. Qd6 Ra1+ 32. Kg2 Nf6
33. Qe6 Qa6 34. Ng6+ Kh7 35. Nf8+ Kh8 36. Ng6+ Kh7 37. Nf8+ Kh8 38. Ng6+
1/2-1/2

[Event "SF Lieme 1 - SG Porz 2"]
[Site "Oberliga NRW 2014/2015"]
[Date "2014.12.14"]
[Round "4.4"]
[White "Himpenmacher, Andy"]
[Black "Peschlow, Patrick"]
[Result "1/2-1/2"]
[WhiteElo "2117"]
[BlackElo "2324"]
[PlyCount "95"]
[EventDate "2014.??.??"]
[WhiteTeam "SF Lieme 1"]
[BlackTeam "SG Porz 2"]

1. e4 c5 2. Nc3 a6 3. g3 b5 4. Bg2 Bb7 5. d3 e6 6. Nf3 d6 7. O-O Be7 8. Re1 Nf6
9. e5 dxe5 10. Nxe5 Qb6 11. a4 Bxg2 12. Kxg2 Qb7+ 13. Qf3 Qxf3+ 14. Kxf3 b4 15.
Ne4 Nfd7 16. Nc4 Nc6 17. Be3 f5 18. Ned2 Kf7 19. Kg2 g5 20. Nb3 e5 21. f3 h5
22. Bf2 Rh6 23. a5 Rb8 24. Nb6 Nxb6 25. axb6 Rxb6 26. Bxc5 Bxc5 27. Nxc5 a5 28.
Re2 Rb5 29. Nb3 Rd6 30. Kf2 Kf6 31. Nd2 Nd4 32. Nc4 Ra6 33. Rd2 a4 34. h3 Rb7
35. Re1 a3 36. bxa3 bxa3 37. Ra1 Rba7 38. Ne3 Ke6 39. Ra2 f4 40. gxf4 gxf4 41.
Nc4 Rg7 42. c3 Nb3 43. Rd1 Rg3 44. h4 Rh3 45. Kg2 Rg3+ 46. Kf2 Rh3 47. Kg2 Rg3+
48. Kf2 1/2-1/2

[Event "SF Lieme 1 - SG Porz 2"]
[Site "Oberliga NRW 2014/2015"]
[Date "2014.12.14"]
[Round "4.5"]
[White "Gallinnis, Norbert"]
[Black "Schaffarczyk, Andre"]
[Result "1-0"]
[WhiteElo "2222"]
[BlackElo "2115"]
[PlyCount "121"]
[EventDate "2014.??.??"]
[WhiteTeam "SG Porz 2"]
[BlackTeam "SF Lieme 1"]

1. e4 c5 2. Na3 Nc6 3. Nf3 g6 4. h4 h5 5. g3 Bg7 6. Bg2 d6 7. O-O Nf6 8. d3 O-O
9. c3 Bg4 10. Qc2 Qc8 11. Re1 Rb8 12. Nc4 b5 13. Ne3 b4 14. Nxg4 hxg4 15. Nh2
Ne5 16. Bf1 Rd8 17. Be2 Rd7 18. Qd1 bxc3 19. bxc3 Rc7 20. Bf4 Nfd7 21. Rb1 Rxb1
22. Qxb1 Nf3+ 23. Bxf3 gxf3 24. Qc2 Ne5 25. Bxe5 dxe5 26. Nxf3 c4 27. Rd1 Bf6
28. d4 exd4 29. cxd4 c3 30. Rd3 Qb7 31. Re3 Qb2 32. Re2 Qa1+ 33. Re1 Qb2 34.
Rc1 e6 35. e5 Be7 36. Ne1 Ba3 37. Rb1 Qxc2 38. Nxc2 Bb2 39. Kf1 a5 40. Ke2 Kf8
41. Kd3 Ke7 42. Re1 Rc8 43. Re2 Rb8 44. Ne3 Rb4 45. Nc4 a4 46. Ne3 Rxd4+ 47.
Kc2 Re4 48. f4 Rb4 49. Nd1 Ba1 50. Re3 Kd7 51. Nxc3 Kc6 52. Kd3 a3 53. Re1 Bxc3
54. Rc1 Kd5 55. Rxc3 Rd4+ 56. Kc2 Ke4 57. Rxa3 Rc4+ 58. Kb2 Rd4 59. Rc3 Rd2+
60. Kb3 Rd1 61. a4 1-0

[Event "SF Lieme 1 - SG Porz 2"]
[Site "Oberliga NRW 2014/2015"]
[Date "2014.12.14"]
[Round "4.6"]
[White "Eckardt, Joshua"]
[Black "Pauly, Carlo"]
[Result "0-1"]
[WhiteElo "2073"]
[BlackElo "2198"]
[PlyCount "48"]
[EventDate "2014.??.??"]
[WhiteTeam "SF Lieme 1"]
[BlackTeam "SG Porz 2"]

1. Nf3 Nf6 2. c4 g6 3. Nc3 Bg7 4. d4 d6 5. g3 O-O 6. Bg2 Nc6 7. O-O a6 8. b3
Rb8 9. Nd5 Nh5 10. Bb2 f5 11. Qd2 e6 12. Nf4 Nxf4 13. gxf4 Ne7 14. Rfd1 b5 15.
Bc3 bxc4 16. bxc4 Qd7 17. d5 Qa4 18. Bxg7 Kxg7 19. Qc3+ Kg8 20. Nd4 e5 21. fxe5
dxe5 22. Ne6 Bxe6 23. dxe6 Rfd8 24. Qxe5 Rxd1+ 0-1

[Event "SF Lieme 1 - SG Porz 2"]
[Site "Oberliga NRW 2014/2015"]
[Date "2014.12.14"]
[Round "4.7"]
[White "Xu, Xianliang"]
[Black "Stork, Holger"]
[Result "1-0"]
[WhiteElo "2159"]
[BlackElo "2051"]
[PlyCount "61"]
[EventDate "2014.??.??"]
[WhiteTeam "SG Porz 2"]
[BlackTeam "SF Lieme 1"]

1. e4 d5 2. exd5 Qxd5 3. Nc3 Qd6 4. Bc4 Nf6 5. d4 c6 6. Nge2 Bg4 7. f3 Bf5 8.
O-O e6 9. Ng3 Bg6 10. Nce4 Qd8 11. Nxf6+ Qxf6 12. Be3 Nd7 13. Qd2 Qd8 14. f4
Nb6 15. Bb3 Qd7 16. f5 exf5 17. Bg5 Bd6 18. Rae1+ Kf8 19. Bf4 Nc8 20. Be5 Bxe5
21. Rxe5 Nd6 22. Rfe1 h5 23. h4 Kg8 24. Re7 Qd8 25. Qg5 Rh6 26. c3 Kh7 27. Bc2
Kg8 28. Bxf5 f6 29. Qf4 Bf7 30. Rd7 Qf8 31. Qxd6 1-0

[Event "SF Lieme 1 - SG Porz 2"]
[Site "Oberliga NRW 2014/2015"]
[Date "2014.12.14"]
[Round "4.8"]
[White "Stukenbrok, Nils"]
[Black "Liard, Thibaud"]
[Result "1/2-1/2"]
[WhiteElo "1991"]
[BlackElo "2131"]
[Annotator "Hausrath,Daniel"]
[PlyCount "94"]
[EventDate "2014.??.??"]
[WhiteTeam "SF Lieme 1"]
[BlackTeam "SG Porz 2"]

1. d4 d5 2. c4 c6 3. e3 Nf6 4. Nf3 a6 5. Bd3 dxc4 6. Bxc4 e6 7. a4 c5 8. Nc3
cxd4 9. Qxd4 Qxd4 10. Nxd4 Bb4 11. Bd2 Bd7 12. Nc2 Be7 13. e4 Nc6 14. f4 e5 15.
O-O-O Rc8 16. Kb1 Nb4 17. Bb3 Bc6 18. fxe5 Nxe4 19. Nxe4 Bxe4 20. Bxb4 Bxb4 21.
Rd4 Bxc2+ 22. Bxc2 Bc5 23. Rc4 a5 24. Bf5 Rc7 25. Rhc1 b6 26. b4 axb4 27. a5
Kd8 28. axb6 Bxb6 29. Rd1+ Ke8 30. Rxb4 Ba7 31. Rb5 Ke7 32. Rc1 $11 Rxc1+ 33.
Kxc1 Rb8 34. Rd5 Be3+ 35. Kc2 g6 36. Bh3 Rb7 37. Bg4 h5 38. Bf3 Ra7 39. h3 Bf4
40. Rb5 Ke6 41. g4 h4 42. Bd5+ Ke7 43. Rb7+ Rxb7 44. Bxb7 Ke6 45. Kd3 Kxe5 46.
Ke2 Bh2 47. Kf3 f5 1/2-1/2

[Event "Oberliga NRW"]
[Site "Düsseldorf"]
[Date "2014.12.14"]
[Round "4.1"]
[White "Mladenov, Svetlin"]
[Black "Stark, Lars"]
[Result "1/2-1/2"]
[WhiteElo "2457"]
[BlackElo "2450"]
[PlyCount "107"]
[WhiteTeam "SV Wattenscheid"]
[BlackTeam "Düsseldorfer SK"]

1. e4 e6 2. d4 d5 3. Nd2 Nd7 4. Ngf3 dxe4 5. Nxe4 Be7 6. Bd3 Ngf6 7. Qe2 c5 8.
Nxc5 Nxc5 9. dxc5 Bxc5 10. Bg5 Qa5+ 11. c3 Be7 12. O-O h6 13. Bh4 Qh5 14. Rfd1
Bd7 15. Qe5 Qxe5 16. Nxe5 Rd8 17. Be2 g5 18. Bg3 O-O 19. Bf3 Bc8 20. Nc4 Nd5
21. Na5 f5 22. Be5 g4 23. Bxd5 Rxd5 24. Rxd5 exd5 25. Rd1 Rd8 26. Bf4 h5 27.
Re1 Bf6 28. Bc7 Rf8 29. Nb3 Kf7 30. Bb8 a6 31. Nc5 Re8 32. Rxe8 Kxe8 33. Nd3
Be6 34. Be5 Bg5 35. Nc5 Bc8 36. g3 h4 37. Kf1 h3 38. Ke2 Bc1 39. b4 Bg5 40. Kd3
Bd8 41. Kd4 Bb6 42. Kxd5 Bxc5 43. Kxc5 Be6 44. a4 Kd7 45. Bf4 Bb3 46. a5 Bd1
47. c4 Be2 48. b5 Bf1 49. bxa6 bxa6 50. Kd5 Bg2+ 51. Ke5 Be4 52. Be3 Kc6 53.
Bd4 Bd3 54. Be3 1/2-1/2

[Event "Oberliga NRW"]
[Site "Düsseldorf"]
[Date "2014.12.14"]
[Round "4.2"]
[White "Schuh, Dirk"]
[Black "Hopmann, Pieter"]
[Result "0-1"]
[WhiteElo "2374"]
[BlackElo "2385"]
[PlyCount "138"]
[WhiteTeam "Düsseldorfer SK"]
[BlackTeam "SV Watterscheid"]

1. e4 d6 2. d4 Nf6 3. Nc3 e5 4. Nf3 Nbd7 5. Bc4 Be7 6. a4 O-O 7. O-O c6 8. h3
a5 9. Re1 h6 10. Be3 Nh7 11. Qe2 Ng5 12. Rad1 Nxf3+ 13. Qxf3 Bg5 14. Ba2 Qf6
15. Qxf6 Nxf6 16. dxe5 dxe5 17. Bxg5 hxg5 18. Rd6 Re8 19. Red1 Kf8 20. f3 Ke7
21. Kf2 Nd7 22. R6d2 Nc5 23. Bc4 Rb8 24. b3 Bd7 25. Ke3 f6 26. Kf2 Rec8 27. Ra1
Be8 28. Ke3 Kf8 29. Ne2 Rc7 30. Nc1 b5 31. axb5 cxb5 32. Bd5 a4 33. Nd3 Nxd3
34. Kxd3 Rbc8 35. Ra2 Rc3+ 36. Ke2 R8c7 37. Kd1 Ke7 38. Rd3 Rxd3+ 39. cxd3 Ra7
40. b4 Bf7 41. Bxf7 Kxf7 42. Rc2 Rd7 43. Kd2 Kg6 44. Rc5 a3 45. Rc2 Kh5 46. g3
Ra7 47. Ra2 g6 48. Kc3 f5 49. d4 f4 50. gxf4 gxf4 51. dxe5 Kh4 52. e6 Kxh3 53.
Kd4 Kg3 54. Ke5 Kxf3 55. Kf6 Kxe4 56. e7 Rxe7 57. Kxe7 Kd5 58. Rc2 f3 59. Kf6
Kd4 60. Ra2 f2 61. Rxf2 Kc3 62. Ke5 g5 63. Kd5 Kxb4 64. Kd4 Kb3 65. Kc5 a2 66.
Rf3+ Ka4 67. Rf8 g4 68. Ra8+ Kb3 69. Kxb5 g3 0-1

[Event "Oberliga NRW"]
[Site "Düsseldorf"]
[Date "2014.12.14"]
[Round "4.3"]
[White "Straeter, Timo"]
[Black "de Gleria, Francesco"]
[Result "0-1"]
[WhiteElo "2310"]
[BlackElo "2380"]
[PlyCount "54"]
[WhiteTeam "SV Wattenscheid"]
[BlackTeam "Düsseldorfer SK"]

1. Nf3 Nf6 2. d4 g6 3. Bf4 Bg7 4. e3 O-O 5. Be2 b6 6. O-O Bb7 7. h3 c5 8. Nc3
d6 9. d5 Na6 10. e4 Nc7 11. Re1 Qd7 12. a4 a6 13. Rb1 b5 14. axb5 axb5 15. b4
Ra3 16. Bd2 c4 17. Bf1 e6 18. dxe6 fxe6 19. Qc1 Rfa8 20. e5 Bxf3 21. exf6 Bxf6
22. Re3 Bxc3 23. Rxc3 Rxc3 24. Bxc3 Bc6 25. Qd2 Nd5 26. Bb2 Ra2 27. Be2 Rxb2
0-1

[Event "Oberliga NRW"]
[Site "Düsseldorf"]
[Date "2014.12.14"]
[Round "4.4"]
[White "Lauzeningks, Jan"]
[Black "Thiel, Thomas"]
[Result "1-0"]
[WhiteElo "2299"]
[BlackElo "2313"]
[PlyCount "69"]
[WhiteTeam "Düsseldorfer SK"]
[BlackTeam "SV Wattenscheid"]

1. e4 c5 2. Nc3 e6 3. f4 d5 4. Nf3 dxe4 5. Nxe4 Nf6 6. d3 Nc6 7. Nxf6+ Qxf6 8.
g3 g6 9. Bg2 Bg7 10. O-O O-O 11. c3 Qd8 12. Be3 Qd6 13. Qa4 Bd7 14. Qa3 b6 15.
d4 Rfc8 16. dxc5 Qe7 17. Rfd1 Be8 18. Nd4 Bf8 19. Nb5 Rab8 20. Nd6 Rc7 21. b4
e5 22. Re1 bxc5 23. Bxc5 Qe6 24. Ne4 Bg7 25. Rad1 Rd8 26. Bd6 Rcc8 27. b5 Nb8
28. Nc5 Qc4 29. Bd5 Qxb5 30. Rb1 Rxc5 31. Rxb5 Rxb5 32. c4 Rb6 33. Bc7 Ra6 34.
Qb4 Rc8 35. Qb7 1-0

[Event "Oberliga NRW"]
[Site "Düsseldorf"]
[Date "2014.12.14"]
[Round "4.5"]
[White "Franke, Johannes"]
[Black "Balster, Stefan"]
[Result "0-1"]
[WhiteElo "2331"]
[BlackElo "2291"]
[PlyCount "76"]
[WhiteTeam "SV Wattenscheid"]
[BlackTeam "Düsseldorfer SK"]

1. e4 c5 2. Nc3 Nc6 3. Bb5 Nd4 4. Bc4 e6 5. Nge2 a6 6. d3 b5 7. Bb3 Nxb3 8.
axb3 Bb7 9. O-O d6 10. f4 Be7 11. Ng3 Nf6 12. Qe2 O-O 13. e5 dxe5 14. fxe5 Qd4+
15. Kh1 Nd7 16. Bf4 b4 17. Na4 Rfe8 18. Rae1 Nf8 19. Ne4 Ng6 20. Bg3 Rad8 21.
c3 bxc3 22. bxc3 Qd5 23. Qf2 Rf8 24. Naxc5 Ba8 25. d4 Qc6 26. Ra1 Qb5 27. Nd6
Bxd6 28. exd6 a5 29. Rfe1 h5 30. Qe2 Qxe2 31. Rxe2 h4 32. Be5 f6 33. Nxe6 fxe5
34. Nxd8 Rxd8 35. dxe5 h3 36. Kg1 hxg2 37. e6 Nf4 38. e7 Nh3# 0-1

[Event "Oberliga NRW"]
[Site "Düsseldorf"]
[Date "2014.12.14"]
[Round "4.6"]
[White "Berndt, Axel"]
[Black "Hirsch, Stefan"]
[Result "1-0"]
[WhiteElo "2212"]
[BlackElo "2231"]
[PlyCount "81"]
[WhiteTeam "Düsseldorfer SK"]
[BlackTeam "SV Wattenscheid"]

1. e4 e5 2. Nf3 Nc6 3. d4 exd4 4. Nxd4 Bb4+ 5. c3 Bc5 6. Be3 Bb6 7. Bc4 Nf6 8.
Nxc6 bxc6 9. Bxb6 axb6 10. O-O d6 11. Re1 O-O 12. Nd2 Re8 13. Qf3 Ra5 14. Bb3
Rae5 15. Qd3 Bf5 16. f3 d5 17. Rad1 Qe7 18. Qd4 dxe4 19. fxe4 Rd8 20. Qc4 Nxe4
21. Nxe4 Rxd1 22. Rxd1 Rd5 23. Nf2 b5 24. Qf1 Re5 25. Nd3 Bxd3 26. Qxd3 Re1+
27. Kf2 Rxd1 28. Qxd1 Qc5+ 29. Qd4 Qf5+ 30. Kg1 h5 31. Qd8+ Kh7 32. Qd1 g6 33.
h3 Qf4 34. Qf3 Qc1+ 35. Kh2 f5 36. Qf2 c5 37. Bf7 b4 38. Qg3 Qh6 39. Qxc7 Qg7
40. cxb4 cxb4 41. Bxg6+ 1-0

[Event "Oberliga NRW"]
[Site "Düsseldorf"]
[Date "2014.12.14"]
[Round "4.7"]
[White "Koerber, Matthias"]
[Black "Partenheimer, Axel"]
[Result "1/2-1/2"]
[WhiteElo "2085"]
[BlackElo "2137"]
[PlyCount "120"]
[WhiteTeam "SV Wattenscheid"]
[BlackTeam "Düsseldorfer SK"]

1. d4 d5 2. c4 c6 3. Nc3 Nf6 4. Nf3 dxc4 5. e3 b5 6. a4 b4 7. Nb1 Ba6 8. Nbd2
c3 9. bxc3 Bxf1 10. Nxf1 bxc3 11. Ba3 Nbd7 12. Qb3 Qb6 13. Qxc3 Nd5 14. Qc4 a5
15. N1d2 Nb4 16. O-O e6 17. Nb3 Be7 18. Rfc1 Ra6 19. Rab1 O-O 20. Nc5 Nxc5 21.
dxc5 Qa7 22. Bxb4 axb4 23. Rxb4 Ra8 24. Nd4 Bf8 25. g3 g6 26. a5 Qd7 27. Nb3
R6a7 28. Ra1 Qd5 29. Rc1 Be7 30. Rb6 Qxc4 31. Rxc4 Ra6 32. Rxa6 Rxa6 33. Rb4
Ra7 34. Rb6 Kf8 35. Rxc6 Ke8 36. Rb6 Kd7 37. Kg2 Bd8 38. Rb8 Bc7 39. Rb4 Kc6
40. Kf3 e5 41. g4 Kd5 42. h3 h6 43. Ke2 Bxa5 44. Nxa5 Rxa5 45. Rb7 Ke6 46. Rc7
e4 47. Kf1 Ra1+ 48. Kg2 Rc1 49. Kg3 Rc2 50. Rc6+ Kd7 51. Rf6 Ke7 52. Rf4 Rxc5
53. Rxe4+ Kf6 54. Ra4 Rc3 55. h4 Rc5 56. Kf4 h5 57. e4 hxg4 58. Kxg4 Rc1 59.
Kf4 Rh1 60. Ra6+ Ke7 1/2-1/2

[Event "Oberliga NRW"]
[Site "Düsseldorf"]
[Date "2014.12.14"]
[Round "4.8"]
[White "Mueller, Michael"]
[Black "Koehn, Peter"]
[Result "1-0"]
[WhiteElo "2207"]
[BlackElo "2267"]
[PlyCount "77"]
[WhiteTeam "Düsseldorfer SK"]
[BlackTeam "SV Wattenscheid"]

1. e4 d6 2. d4 g6 3. Nf3 Nf6 4. Bd3 Bg7 5. h3 O-O 6. O-O Nc6 7. Re1 e5 8. dxe5
dxe5 9. b3 Nh5 10. Nbd2 Nf4 11. Bf1 Qf6 12. Kh2 Rd8 13. g3 g5 14. gxf4 Qxf4+
15. Kg1 g4 16. Nh2 Rd6 17. Re3 Rg6 18. Rg3 gxh3 19. Rxg6 hxg6 20. c3 Be6 21.
Qe2 Qg5+ 22. Kh1 f6 23. Ndf3 Qh5 24. Ng1 Qh4 25. Bd2 a6 26. f3 Kf7 27. Be1 Qh7
28. Rd1 Bh6 29. Qf2 Bf4 30. Bc4 Bxc4 31. Rd7+ Ne7 32. bxc4 Ke8 33. Rd3 g5 34.
Qf1 Rd8 35. Rxd8+ Kxd8 36. Qxh3 Qg8 37. Ng4 Qe6 38. Qh8+ Kd7 39. Qxf6 1-0

[Event "SG Porz 2 - PSV Duisburg 1"]
[Site "Oberliga NRW 2014/2015"]
[Date "2015.01.11"]
[Round "5.1"]
[White "Fleck, Juergen"]
[Black "Miedema, David"]
[Result "0-1"]
[WhiteElo "2329"]
[BlackElo "2362"]
[PlyCount "136"]
[EventDate "2015.??.??"]
[WhiteTeam "PSV Duisburg 1"]
[BlackTeam "SG Porz 2"]

1. e4 e6 2. d4 d5 3. Nc3 Bb4 4. e5 c5 5. a3 Bxc3+ 6. bxc3 Ne7 7. h4 Nbc6 8. h5
Qa5 9. Bd2 Bd7 10. h6 gxh6 11. Nf3 Ng8 12. Rb1 Qc7 13. Bd3 c4 14. Be2 O-O-O 15.
O-O f5 16. g3 Nce7 17. Nh4 Ng6 18. Ng2 Be8 19. Qc1 h5 20. Bxh5 Nf8 21. Be2 h5
22. Bg5 Rd7 23. Nf4 h4 24. Bxh4 Rg7 25. Bf6 Nxf6 26. exf6 Rgh7 27. Qe3 Bf7 28.
Bf3 Qd8 29. Qe5 Rh6 30. Rb5 Nd7 31. Qd6 Rxf6 32. Qb4 b6 33. Rb1 Qc7 34. a4 a5
35. Qb2 Rhh6 36. Qa3 Qc6 37. Qe7 Qc7 38. Bg2 Qd8 39. Qxd8+ Kxd8 40. Kf1 Kc7 41.
Ke2 Rh8 42. R5b2 Rfh6 43. Bf3 Rb8 44. Kd2 Nf8 45. Re1 Be8 46. Bxd5 exd5 47.
Nxd5+ Kd8 48. Re5 Bd7 49. Ne3 Rc8 50. Nxf5 Rf6 51. Ne7 Rxf2+ 52. Ke3 Rf6 53.
Nxc8 Kxc8 54. Ra2 Ng6 55. Rg5 Ne7 56. Ke4 Bf5+ 57. Ke5 Re6+ 58. Kf4 Re1 59. Rg7
Bd7 60. Rb2 Nd5+ 61. Kf3 Re3+ 62. Kf2 Rxc3 63. g4 Bxa4 64. g5 Rxc2+ 65. Rxc2
Bxc2 66. g6 Kd8 67. Ke1 Ne7 68. Rf7 Bxg6 0-1

[Event "SG Porz 2 - PSV Duisburg 1"]
[Site "Oberliga NRW 2014/2015"]
[Date "2015.01.11"]
[Round "5.2"]
[White "Korotkjevich, Stanislav"]
[Black "Schiffer, Kai-Uwe"]
[Result "1/2-1/2"]
[WhiteElo "2374"]
[BlackElo "2234"]
[PlyCount "60"]
[EventDate "2015.??.??"]
[WhiteTeam "SG Porz 2"]
[BlackTeam "PSV Duisburg 1"]

1. d4 d5 2. c4 e6 3. cxd5 exd5 4. Qc2 c5 5. dxc5 Nc6 6. Nf3 Qa5+ 7. Bd2 Qxc5 8.
Qxc5 Bxc5 9. Nc3 Nf6 10. Rc1 O-O 11. e3 d4 12. Nd5 Nxd5 13. Rxc5 dxe3 14. fxe3
Nf6 15. Bd3 Re8 16. O-O Bg4 17. Bc3 Rxe3 18. Bxf6 gxf6 19. Bc4 Rd8 20. Ng5 Re5
21. Rxc6 Rxg5 22. Rcxf6 Be6 23. Bxe6 fxe6 24. Rxe6 Rd2 25. Re8+ Kg7 26. Re7+
Kg6 27. Re6+ Kg7 28. Re7+ Kg6 29. Rf2 Rd1+ 30. Rf1 Rd2 1/2-1/2

[Event "SG Porz 2 - PSV Duisburg 1"]
[Site "Oberliga NRW 2014/2015"]
[Date "2015.01.11"]
[Round "5.3"]
[White "Schmitz, Joachim"]
[Black "Malykin, Vitaly"]
[Result "0-1"]
[WhiteElo "2208"]
[BlackElo "2370"]
[Annotator "Hausrath,Daniel"]
[PlyCount "78"]
[EventDate "2015.??.??"]
[WhiteTeam "PSV Duisburg 1"]
[BlackTeam "SG Porz 2"]

1. e4 g6 2. d4 Bg7 3. Nf3 d6 4. Be2 Nd7 5. O-O e5 6. Nc3 Ngf6 7. dxe5 dxe5 8.
Be3 O-O 9. Nd2 Qe7 10. Nb3 b6 11. Nd5 Nxd5 12. Qxd5 Rb8 13. Qd2 Bb7 14. f3 f5
15. exf5 gxf5 16. Rad1 Nf6 17. Bg5 Qe6 18. Qc3 Nd5 19. Bc4 c6 20. Qe1 Qg6 21.
Qh4 $11 Rbe8 22. Bc1 Kh8 23. Qg5 Qxg5 24. Bxg5 f4 25. Bxd5 cxd5 26. c3 a5 27.
a3 a4 28. Nc1 h6 29. Bh4 e4 30. fxe4 dxe4 31. Rd7 Ba6 32. Re1 Bf6 33. Bxf6+
Rxf6 34. Rd4 f3 35. gxf3 Rg8+ 36. Kh1 exf3 37. c4 f2 38. Rf1 Bb7+ 39. Rd5 b5
0-1